Countries With the Worst Disaster per Year (1975–) - Statistics

General Stats
  • This quiz has been taken 159 times
  • The average score is 15 of 26
Answer Stats
Disaster(s) Country % Correct
Hurricane Maria (Puerto Rico) (2017) United States
98%
Great Hanshin (Kobe) Earthquake (1995), Tōhoku Earthquake & Tsunami (2011), Noto Peninsula Earthquake (2024) Japan
97%
Flores Earthquake & Tsunami (1992), Indian Ocean Tsunami (2004), Java Earthquake (2006), Sumatra Earthquake (2009), Sulawesi Earthquake & Tsunami (2018) Indonesia
93%
Typhoon Nina & Banqiao Dam Failure (1975), Tangshan Earthquake (1976) China
91%
Andhra Pradesh Cyclone (1977), Machchhu dam failure (1979), Bhopal gas disaster (1984), Latur (Maharashtra) Earthquake (1993), Andhra Pradesh cyclone (1996), Gujarat (Bhuj) Earthquake (2001) India
90%
Doña Paz Ferry Collision (1997), Typhoon Bopha (Pablo) (2012), Typhoon Haiyan (Yolanda) (2013) Philippines
84%
Kashmir Earthquake (2005), Floods (2022) Pakistan
83%
Port-au-Prince Earthquake (2010), Nippes Earthquake (2021) Haiti
81%
Erzurum/Kars Earthquake (1983), Kahramanmaraş Earthquakes (2023) Turkey
81%
Tabas Earthquake (1978), Golbaf Earthquake (1981), Manjil–Rudbar Earthquake (1990), Qayen (Ardabil) Earthquake (1997), Bam Earthquake (2003) Iran
80%
Manikganj Tornado (1989), Cyclone Bhola (1991), Cyclone Sidr (2007) Bangladesh
78%
Cyclone Nargis (2008), Earthquake (2025) Myanmar
64%
Armero (Nevado del Ruiz Volcanic Lahar) (1985) Colombia
61%
Gorkha Earthquake (2015) Nepal
57%
Badakhshan Landslide (2014) Afghanistan
56%
Beirut Port Explosion (2020) Lebanon
53%
Vargas Mudslides (1999) Venezuela
50%
Manabí Earthquake (2016) Ecuador
40%
Dhamar Earthquake (1982) Yemen
36%
El Asnam Earthquake (1980) Algeria
34%
Hurricane Mitch (1998) Honduras
26%
Spitak Earthquake (1988) Armenia
23%
Cyclone Leon-Eline and flooding (2000), Cyclone Idai (2019) Mozambique
23%
Lake Nyos Gas Eruption (1986) Cameroon
22%
MV Le Joola Ferry Disaster (2002) The Gambia
14%
MS Estonia Ferry Sinking (1994) Estonia
11%
No matching quizzes found
Score Distribution
Percent of People with Each Score
Percentile by Number Answered
Your Score History
You have not taken this quiz